| 000 | 00735nam a22001697a 4500 | ||
|---|---|---|---|
| 008 | 111201t xxu||||| |||| 00| 0 eng d | ||
| 020 | _a0300079931 | ||
| 050 | _aGN799.A4B86 | ||
| 100 | _aBudiansky, Stephen | ||
| 245 |
_aThe covenant of the wild: Why animals chose domestication / _cStephen Budiansky |
||
| 260 |
_aNew Haven and london: _bYale University Press, _cc1992. |
||
| 300 |
_axxiii, 190p.: _c20cm. |
||
| 500 | _aIncludes index | ||
| 505 | _aContents: Visions of nature -- Civilization's progress; or, who invented the dog -- The Virtues of defenselessness -- The Species that came in from the cold -- Youthful designs -- No Turning back -- Human pieties -- A Natural ethic. | ||
| 650 | _aDomestic animals. | ||
| 942 |
_2lcc _cBK |
||
| 999 |
_c323 _d7823 |
||